01335cam a22004094i 4500003000900000005001700009008004100026020001500067035002700082040003300109082001900142100004400161245008000205264006500285300003800350336002100388337002500409338002300434490006400457504002800521505019200549526001000741526001000751526000900761526000900770526000900779526000900788526000900797526000900806526000900815526000800824526000800832526000800840526000800848526000800856630006100864PE-LiUPU20250731165504.0150623s r 000 0 d a1850758514 a(Sirsi) i9781850758518 aPE-LiUPUbspacPE-LiUPUerda04a225.077bJ2211 aSchildgen, Brenda Deen,d1942-,eautor.10aCrisis and continuity: time in the gospel of Mark /cBrenda Deen Schildgen. 1aSheffield, Great Britain :bSheffield Academic Press,c1998. a176 páginas ;c24 centímetros atext2rdacontent aunmediated2rdamedia avolume2rdacarrier0 aJournal for the Study of the N.T. Supplement Series ;v159 aIncluye bibliografía.0 aMarkan present time: the gospel as picaresque novelle. -Narrative as memory: gospel as fragments. -Narrative duration: suspended time. -The end of year: mythic time in the gospel of Mark. aSEG44 aSEG26 aP151 aP150 aP149 aP146 aP145 aP126 aP125 aP92 aP75 aP74 aP27 aP15 aBiblia.pN.T.pMarcosxCrítica, interpretación, etc.